Paušálna daň na rok 2003
Možnosť aplikácie paušálnej dane z hľadiska charakteru dosahovaných príjmov. Podmienky na platenie paušálnej dane. Porušenie podmienok na platenie paušálnej dane v priebehu zdaňovacieho obdobia. Úľava na paušálnej dani. Platenie paušálnej dane a plynutie iných príjmov. Paušálna daň a daňové priznani...
Guardado en:
| Autor principal: | |
|---|---|
| Formato: | Capítulo de libro |
| Lenguaje: | eslovaco |
| Materias: | |
| Etiquetas: |
Sin Etiquetas, Sea el primero en etiquetar este registro!
|
MARC
| LEADER | 00000naa a2200000 4500 | ||
|---|---|---|---|
| 001 | r048209 | ||
| 005 | 20231002123926.3 | ||
| 041 | 0 | |a slo | |
| 044 | |a SK | ||
| 245 | 1 | 0 | |a Paušálna daň na rok 2003 |c Ján Minál |
| 520 | |a Možnosť aplikácie paušálnej dane z hľadiska charakteru dosahovaných príjmov. Podmienky na platenie paušálnej dane. Porušenie podmienok na platenie paušálnej dane v priebehu zdaňovacieho obdobia. Úľava na paušálnej dani. Platenie paušálnej dane a plynutie iných príjmov. Paušálna daň a daňové priznanie. Praktické príklady. | ||
| 610 | 2 | 0 | |a dane paušálne |
| 610 | 2 | 0 | |a dane z príjmov |
| 610 | 2 | 0 | |a daňovníci |
| 610 | 2 | 0 | |a sadzby daňové |
| 610 | 2 | 0 | |a úľavy daňové |
| 100 | 1 | |a Minál, Ján | |